00569nam a2200133Ia 4500008004100000100002400041245012300065245009600188260005300284260001400337300000800351650001500359856006100374170221s9999 xx 000 0 und d aSergey N. Novoselov aResearch of Specifics of Management of Regional Development for the Purpose of Observance of Reproduction Proportions  cSergey N. Novoselov, Irina S. Shtapova, Alla A. Kovalenko, Natalya V. Medyanik, Oleg L. Ram bInternational Review of Management and Marketing cJune 2013 a5:1 xMarketing. uhttp://www.econjournals.com/index.php/irmm/issue/view/70